00578nam a2200133 a 4500008004100000050001500041245007300056260006300129300001500192350000900207995009300216999001700309952011800326090130s2008 ||||||||||||||||| || u aHC 915 Zam00aZambia at 44: annual business magazinecedited by Walubita, S. Kelly aNew DelhibZambia High Commission, New Delhi (India)c2008 a90p. :ill. a0.00 D0.00FCBU-MAIN LIBRARY (Kitwe)H1I0.00M1UAVAILABLEWJan 30, 2009ZZambiana Collection c62345d62345 00102lcc4070a001b001cZambiana Collectiond2022-11-30l0oHC 915 ZampZ03003467r2022-11-30w2022-11-30y002